Privatization and restructuring in Central and Eastern Europe: evidence and policy options (Record no. 54711)

MARC details
000 -LEADER
fixed length control field 01001nam a2200253 a 4500
008 - FIXED-LENGTH DATA ELEMENTS--GENERAL INFORMATION
fixed length control field 120416s1997 ||||||||||||||||| || u
020 ## - INTERNATIONAL STANDARD BOOK NUMBER
International Standard Book Number 0821339753
050 ## - LIBRARY OF CONGRESS CALL NUMBER
Classification number IBRD(08)TP/368
100 ## - MAIN ENTRY--PERSONAL NAME
Personal name Pohl, Gerhard
245 10 - TITLE STATEMENT
Title Privatization and restructuring in Central and Eastern Europe: evidence and policy options
Statement of responsibility, etc. Gerhard Pohl; Robert E. Anderson; Stijn Claessens; Simeon Djankov
260 ## - PUBLICATION, DISTRIBUTION, ETC.
Place of publication, distribution, etc. Washington, D.C.
Name of publisher, distributor, etc. World Bank
Date of publication, distribution, etc. 1997
300 ## - PHYSICAL DESCRIPTION
Extent vii, 32p. : ill.
350 ## - PRICE (NR) (BK AM CF MU VM SE) [OBSOLETE]
Price 0.00
490 ## - SERIES STATEMENT
Series statement WORLD BANK TECHNICAL PAPER
650 ## - SUBJECT ADDED ENTRY--TOPICAL TERM
Topical term or geographic name entry element STRUCTURAL ADJUSTMENT (ECONOMIC POLICY)--EUROPE, EASTERN
650 ## - SUBJECT ADDED ENTRY--TOPICAL TERM
Topical term or geographic name entry element PRIVATIZATION--EUROPE, EASTERN
650 #0 - SUBJECT ADDED ENTRY--TOPICAL TERM
Topical term or geographic name entry element PRIVATIZATION
650 #0 - SUBJECT ADDED ENTRY--TOPICAL TERM
Topical term or geographic name entry element EUROPE, EASTERN--ECONOMIC POLICY--1989
700 ## - ADDED ENTRY--PERSONAL NAME
Personal name Djankov, Simeon
700 ## - ADDED ENTRY--PERSONAL NAME
Personal name Anderson, Robert E
700 ## - ADDED ENTRY--PERSONAL NAME
Personal name Claessens, Stijn
710 ## - ADDED ENTRY--CORPORATE NAME
Corporate name or jurisdiction name as entry element World Bank
995 ## - RECOMMENDATION 995 [LOCAL, UNIMARC FRANCE]
-- 0.00
-- CBU-MAIN LIBRARY (Kitwe)
-- 1
-- 0.00
-- 1
-- AVAILABLE
-- International Publications
Holdings
Withdrawn status Lost status Source of classification or shelving scheme Damaged status Not for loan Home library Current library Shelving location Date acquired Total Checkouts Full call number Barcode Date last seen Price effective from Koha item type
          CBU-MAIN LIBRARY, KITWE. CBU-MAIN LIBRARY, KITWE.   11/30/2022   IBRD(08)TP/368 021168 11/30/2022 11/30/2022 MONOGRAPH